All Time Highest Goalscorers in La Liga - Statistics

General Stats
  • This quiz has been taken 550 times
    404 since last reset
  • The average score is 11 of 26
Answer Stats
# Goals Apps Goals/Game Years Nationality Club(s) Answer % Correct
2 311 292 1.07 2009-2018 Portugal Real Madrid Cristiano Ronaldo
100%
1 474 520 0.91 2004-2021 Argentina Barcelona Lionel Messi
100%
4 238 439 0.54 2009-2023 France Real Madrid Karim Benzema
93%
15 179 258 0.69 2014-2022 Uruguay Barcelona, Atletico Madrid Luis Suárez
88%
6 228 550 0.41 1994-2010 Spain Real Madrid Raúl González
86%
18 162 280 0.58 1998-2009 Cameroon Barcelona, Real Mallorca,... Samuel Eto'o
78%
7 227 329 0.68 1953-1966 Argentina/ Spain Real Madrid, Espanyol Alfredo Di Stéfano
77%
17 175 462 0.38 2010- France Atletico Madrid, Real Sociedad,... Antoine Griezmann
77%
21 156 180 0.87 1958-1966 Hungary/ Spain Real Madrid Ferenc Puskás
70%
13 185 352 0.53 2003-2014 Spain Valencia, Barcelona,... David Villa
68%
5 234 347 0.67 1981-1994 Mexico Real Madrid, Atletico Madrid,... Hugo Sánchez
65%
25 147 326 0.45 2009-'13, 2014- Spain Celta Vigo, Sevilla Iago Aspas
48%
20 158 443 0.36 2002-2020 Spain Athletic Bilbao, Real Mallorca,... Aritz Aduriz
40%
3 251 277 0.91 1940-1955 Spain Athletic Bilbao Telmo Zarra
19%
26 147 407 0.36 1997-2013 Spain Espanyol, Rayo Vallecano,... Raúl Tamudo
13%
9 219 448 0.49 1970-1987 Spain Sporting Gijon, Barcelona Quini
12%
12 186 461 0.4 1970-1988 Spain Real Madrid, Racing Santander Santillana
12%
19 160 360 0.44 1960-1974 Spain Atletico Madrid, Real Betis,... Luis Aragonés
11%
8 223 353 0.63 1939-1955 Spain Barcelona, Elche,... César Rodríguez
10%
22 152 417 0.36 1982-2000 Spain Barcelona, Atletico Madrid,.. Julio Salinas
6%
10 210 278 0.76 1943-1956 Spain Real Madrid, Celta Vigo,... Pahiño
4%
24 147 303 0.49 1974-1986 Spain Athletic Bilbao Dani
3%
11 195 231 0.84 1939-1950 Spain Valencia, Alcoyano Mundo
3%
14 182 349 0.52 1943-1959 Spain Sevilla, Atlético Almería Juan Arza
2%
23 150 287 0.52 1945-1958 Spain Atletico Madrid Adrián Escudero
1%
16 178 256 0.7 1929-1945 Spain Athletic Bilbao, Valencia Guillermo Gorostiza
1%
No matching quizzes found
Score Distribution
Percent of People with Each Score
Percentile by Number Answered
Your Score History
You have not taken this quiz since the last reset